| 000 | 00482 a2200169 4500 | ||
|---|---|---|---|
| 999 |
_c32149 _d32149 |
||
| 003 | OSt | ||
| 005 | 20260409102934.0 | ||
| 008 | 260408b ||||| |||| 00| 0 eng d | ||
| 040 | _c. | ||
| 082 |
_a621.59 _bV2221 |
||
| 245 | _aCryogenic Technology / | ||
| 260 |
_bJohn Wiley & Sons Inc, _aNew York : _c1963. |
||
| 300 | _a585 p. | ||
| 440 |
_96749 _aUniversity of California Engineering and Physical Sciences Extension Series |
||
| 700 |
_96748 _aVance, Robert W. |
||
| 942 |
_2ddc _cBK |
||